| 000 | 00537nam a22001817a 4500 | ||
|---|---|---|---|
| 999 |
_c478624 _d478624 |
||
| 003 | NUST | ||
| 005 | 20180606071214.0 | ||
| 008 | 180606b ||||| |||| 00| 0 eng d | ||
| 020 | _a9789386105264 | ||
| 038 | _aSNS Library | ||
| 082 | _a530 TAY 2017 | ||
| 100 |
_aJohn R. Taylor, Chris D. Zafiratos _911055 |
||
| 245 |
_aModern Physics _bFor Scientists and Engineers _cJohn R. Taylor, Chris D. Zafiratos |
||
| 250 | _a2nd Ed. | ||
| 260 |
_aNew Delhi India _bViva Books _c2017 |
||
| 300 |
_axviii, 720 P. _bPb. |
||
| 942 |
_2ddc _cBK |
||